| 000 | 00589nam a2200193 a 4500 | ||
|---|---|---|---|
| 001 | 1284 | ||
| 005 | 20140414131921.0 | ||
| 008 | 041220s19uu xx 00 eng d | ||
| 020 | _a0-448-42164-X | ||
| 050 |
_aER _bSp6 1998 |
||
| 100 | _aHill, Eric | ||
| 245 |
_aSpot's windy day and other stories / _cEric Hill. |
||
| 260 |
_aNew York : _bGrosset & Dunlap, _c1998. |
||
| 300 | _a32 p. ; cm. | ||
| 520 | _aIn three stories, Spot has fun flying his kite, following a great smell, and playing in the snow. | ||
| 650 |
_aDogs _xFiction. |
||
| 650 | _aChildren stories. | ||
| 999 |
_c111741 _d111741 |
||